000 00569nam a2200205Ii 4500
001 2389
003 CO-ViMGA
008 241108s9999||||xx |||||||||||||| ||und||
040 _aCO-ViMGA
_bspa
_erda
_cCO-ViMGA
041 0 _aspa
084 _aN FOO1j
100 1 _aHorton Foote
_947926
245 1 0 _aLa jauría humana
264 1 _aMadrid, España : Círculo de Lectores, 1996
300 _avolumen
336 _atext
_btxt
_2rdacontent
337 _aunmediated
_bn
_2rdamedia
338 _avolume
_bnc
_2rdacarrier
940 _aidficha_siabuc: 2341. -- ficha_no_siabuc:2389
999 _c42562
_d42562